| 000 | 01122nam a22002537a 4500 | ||
|---|---|---|---|
| 005 | 20170124103048.0 | ||
| 010 | _aA-985167 | ||
| 020 | _c100.00 | ||
| 035 | _aA-985167 | ||
| 037 | _bCen Lib/Ret | ||
| 040 |
_aDPL _bHN |
||
| 082 |
_a क _bभाटिया |
||
| 100 |
_aभाटिया, सुदर्शन _969737 |
||
| 245 |
_aलौट गयी मौत / _c सुदर्शन भाटिया |
||
| 246 |
_aLout gayi mout _b by Sudarshan Bhatiya |
||
| 260 |
_aदिल्ली _bनीरज बुक सेण्टर _c1999 |
||
| 270 |
_aआर्यनगर ग्रुप हाउसिंग सोसाइटी प्लाट न.91,फ्लेट न.सी -32 पटपड़गंज _b दिल्ली _e110092 |
||
| 300 |
_a104पृष्ठ. _c20सेमी(सजिल्द) |
||
| 650 |
_aहिंदी साहित्य _969738 |
||
| 650 |
_aहिंदी कहानी - पौराणिक _969739 |
||
| 650 |
_aHindi literature _969740 |
||
| 650 |
_ahindi story Legendary _969741 |
||
| 942 |
_2ddc _cHN _hक _mभाटिया |
||
| 999 |
_c117044 _d117044 |
||